Statistiques concernant La réponse est un nombre premier

Cliquez ici pour prendre le quiz!

Statistiques générales

  • Ce quiz a été pris 236 fois
  • Le résultat moyen est 10 sur 20

Statistiques - réponses

IndiceRéponse% Correct
Cartes d'une même couleur dans un jeu classique de 52 cartes13
81%
Joueurs dans une équipe de handball7
81%
Éléments dans un célèbre film de Luc Besson5
75%
Départements Français101
73%
Numéro de département du Finistère29
66%
Ligne de métro parisien reliant la Porte Dauphine et la Place de la Nation2
62%
Types de cônes (récepteurs de la couleur) présents sur la rétine humaine3
62%
Année d'inauguration de la Tour Eiffel1889
60%
Communautés Autonomes d'Espagne17
52%
Année de départ du 2ème voyage de Christophe Colomb1493
51%
Numéro de l'Autoroute reliant Paris à Nantes11
48%
Anneaux de pouvoirs (si l'on excepte l'Anneau Unique) dans Le Seigneur des Anneaux19
48%
Coups de poignards portés à César lors de son assassinat23
47%
Pokémon de la 1ère Génération151
45%
États membres de l'ONU (en excluant donc les états observateurs)193
36%
Trio de rappeurs originaire de Vitry-sur-Seine, connu pour le morceau Tonton du bled113
31%
Députés à l'Assemblée Nationale française577
31%
Emplacements sur une roulette européenne37
27%
Numéro de l'Agent, protagoniste de la série de jeu vidéo Hitman47
24%
Numéro atomique de l'or79
19%

Distribution des résultats

Percentile par nombre de réponses

% des personnes avec chaque résultat

Votre développement - résultats

Vous n’avez pas pris ce quiz